La reforma educacional chilena /
Uloženo v:
| Další autoři: | |
|---|---|
| Médium: | Kniha |
| Jazyk: | Spanish |
| Vydáno: |
España :
Editorial Popular,
1999
|
| Témata: | |
| Tagy: |
Přidat tag
Žádné tagy, Buďte první, kdo vytvoří štítek k tomuto záznamu!
|
MARC
| LEADER | 00000nam a2200000Ia 4500 | ||
|---|---|---|---|
| 008 | 150924b1999 sp ||||| |||| 00| | spa d | ||
| 020 | |a 8478842004 | ||
| 090 | |a 06.02.03 |b 851 | ||
| 245 | 1 | 3 | |a La reforma educacional chilena / |c Juan Eduardo García-Huidobro ... [et al.] |
| 260 | |a España : |b Editorial Popular, |c 1999 | ||
| 300 | |a 335 páginas | ||
| 650 | 0 | |a REFORMA DE LA EDUCACIÓN |9 7 | |
| 650 | 0 | |a EDUCACIÓN PREESCOLAR |9 455 | |
| 650 | 0 | |a CALIDAD DE LA EDUCACIÓN |9 11 | |
| 650 | 0 | |a PROYECTOS DE EDUCACION |9 152 | |
| 650 | 0 | |a EDUCACIÓN SECUNDARIA |9 456 | |
| 650 | 0 | |a FINANCIAMIENTO DE LA EDUCACIÓN |9 338 | |
| 651 | 0 | |a CHILE |9 1078 | |
| 700 | 1 | |9 1079 |a García-Huidobro, Juan Eduardo | |
| 942 | |i 001419 |h 06.02.03 851 |2 z |c 01 | ||
| 999 | |c 279 |d 279 | ||



